书目信息 |
| 题名: |
纽约琐记
|
|
| 作者: | 陈丹青 著 | |
| 分册: | 上 | |
| 出版信息: | 长春 吉林美术出版社 |
|
| 页数: | 225页 | |
| 开本: | 32开 | |
| 丛书名: | ||
| 单 册: | ||
| 中图分类: | J267.1 , J205 | |
| 科图分类: | ||
| 主题词: | 绘画理论 | |
| 电子资源: | ||
| ISBN: | 7-5386-1015-4 | |
| 000 | 00544nam0 2200205 45 | |
| 001 | 0011181625 | |
| 005 | 20091218155154.45 | |
| 010 | @a7-5386-1015-4@d18.00元 | |
| 100 | @a20001118d km y0chiy0120 ea | |
| 101 | 0 | @achi |
| 105 | @a z 000yy | |
| 200 | 1 | @a纽约琐记@Aniu yue suo ji@h上@f陈丹青著@FChen Dan Qing Zhu |
| 210 | @a长春@c吉林美术出版社 | |
| 215 | @a225页@d32开 | |
| 606 | 0 | @a绘画理论 |
| 690 | @aJ267.1@v3 | |
| 690 | @aJ205@v4 | |
| 701 | 0 | @a陈丹青@4著 |
| 801 | @aCN@bPftUser@c20091218 | |
| 905 | @b413169-170@dJ205@eC390:1@f2 | |
| 纽约琐记.上/陈丹青著.-长春:吉林美术出版社 |
| 225页;32开 |
| ISBN 7-5386-1015-4:18.00元 |
| ● |
| 相关链接 |
|
|
|
正题名:纽约琐记
索取号:J205/C390:1
 
预约/预借
| 序号 | 登录号 | 条形码 | 馆藏地/架位号 | 状态 | 备注 |
| 1 | 413169 | 204131698 | 社科库309/400B社科库 27排1列5层/ [索取号:J205/C390:1] | 在馆 | |
| 2 | 413170 | 204131705 | 自科二线404/404自科库 11排6列4层/ [索取号:J205/C390:1] | 在馆 |